00470pab a2200133 454500008004000000100003200040245011900072260000900191300001100200362001500211650004100226700001700267773005200284180718b1985 xxu||||| |||| 00| 0 eng d aRam, F., Jyothi H. Girimaji aInfant and childhood mortality in KarnatakabLevels, trends and differentials assessed through indirect techniques c1985 a168-80 aJuly-Sept. aVital Statistics - India - Karnataka aK.S. Umamani aHealth and Population - Perspectives and Issues